Laddar...

Probability and statistics for engineers

Bibliografiska uppgifter
Huvudupphovsman: Johnson, Richard A
Materialtyp: Printed Book
Språk:Undetermined
English
Publicerad: New Delhi Prentice-Hall of India Private Limited 1999
Upplaga:5
Ämnen:
LEADER 00636nam a2200205Ia 4500
008 140306s9999 xx 000 0 und d
020 |a 8120308921 
041 |a eng 
082 |a 519  |b JOH/PR 
100 |a Johnson, Richard A 
245 |a Probability and statistics for engineers 
250 |a 5 
260 |a New Delhi  |b Prentice-Hall of India Private Limited  |c 1999 
300 |a 630 
365 |b Rs.195 
650 |a Random variables 
650 |a Sampling 
942 |2 ddc  |c BK 
999 |c 185769  |d 185769 
952 |0 0  |1 0  |2 ddc  |4 0  |6 519_000000000000000_JOH_PR  |7 0  |9 191665  |a KAUCBV  |b KAUCBV  |d 2004-11-03  |g 195.00  |o 519 JOH/PR  |r 2014-03-22  |w 2014-03-22  |y BK